00582cam a22002171 4500001001300000003000400013005001700017008004100034010001700075035002000092040001800112042001200130050001700142100002700159245004800186260001100234300002700245500001500272650006000287999001700347ne 63000076 DLC20260227111739.0890331s1962 xx a 000 0 ara  ane 63000076  a(OCoLC)23500752 aDLCcMiUdDLC apremarc00aPJ7538b.M281 aMaḥāsinī, Zakī10aNaẓarāt fī adabinā al-muʻāṣir. c[1962] a127 p.billus.c17 cm. aRomanized. 0aArabic literaturey20th centuryxHistory and criticism. c45430d45430